Náhrada škody v československom právnom poriadku /

Hlavní autor: Bičovský, Jaroslav, 1910-1996
Další autoři: Holub, Milan, 1934-2004
Jazyk: Slovenština
Vydáno: Bratislava : Obzor, 1983
Vydání: 1. vyd.
Témata:
Fyzický popis: 464 s.
Knihy
Uloženo v:
LEADER 00884nam a2200265 a 4500
001 000489049
003 CZ BrMZK
005 20100623133512.0
007 ta
008 000105s1983 xo f slo d
040 |a BOA001  |b cze 
041 1 |a slo  |h cze 
080 |a 347.426.6(437)  |2 MRF 
080 |a 343.296(437)  |2 MRF 
100 1 |a Bičovský, Jaroslav,  |d 1910-1996  |7 jk01012014  |4 aut 
245 1 0 |a Náhrada škody v československom právnom poriadku /  |c Jaroslav Bičovský, Milan Holub 
250 |a 1. vyd. 
260 |a Bratislava :  |b Obzor,  |c 1983 
300 |a 464 s. 
700 1 |a Holub, Milan,  |d 1934-2004  |7 jk01041816  |4 aut 
765 0 |t Náhrada škody v čoskoslovenském právním řádu  |9 Slovensky 
910 |a BOA001  |b 2-0870.223 
964 |a Škody - náhrada 
990 |a BK 
996 7 |b 2619210808  |c 2-0870.223  |l MZK  |r Sklad / do 1 hodiny  |n 1  |w 000489049  |u 000010  |a 1  |e BOA001  |j MZK50  |s A